| 000 | 01239njm a22002777a 4500 | ||
|---|---|---|---|
| 005 | 20100908115744.0 | ||
| 007 | sd ammalaaahaa | ||
| 008 | 100830t xxu||||| |||| 00| 0 eng d | ||
| 028 |
_aN.54653 _bHis Master's Voice |
||
| 035 | _aGR-01375 | ||
| 040 |
_aSED _cSED |
||
| 100 |
_aShantram,V. _918698 |
||
| 245 |
_aGeet gaya patharon ne / _cby V. Shantaram productions ;sung by Mahendra [and] Asha Bhosle; Music dtn by Ramlal; Lyric by Vishwamitter Adil _h[sound recording]: |
||
| 246 | _aगीत गया पत्थरों ने / | ||
| 260 |
_aDum Dum, India: _bHis Master 's Voice _c1964 |
||
| 300 |
_a1 sound disc [GramphoneRecording]: _banalog,33.1/3 rpm _c9.5 in.(MP) _fGramphones Records |
||
| 500 | _aBrief Record | ||
| 505 | _aSide1 आइये पधारिये -१ (Aaiye padhariye -1) (Mahendra [and] Asha Bhosle) Side 2 आइये पधारिये -२ (Aaiye padhariye -2) (Mahendra [and] Asha Bhosle). | ||
| 650 |
_xExperts _zIndia _917446 _aMotion picture music |
||
| 700 |
_aMahendra _918760 |
||
| 700 |
_aBhosle,Asha _918886 |
||
| 700 |
_aRamlal _918887 |
||
| 700 |
_aAdil,Vishwamitter _918888 |
||
| 942 |
_2ddc _cGR |
||
| 999 |
_c44434 _d44434 |
||